000 00927cam a22002411i 4500
003 SA-RiAUC
005 20250820052235.0
008 250819s1993 ||| g e 000 0 ara c
040 _aEG-CaDAJ
_bara
_cSA-RiAUC
_erda
082 0 4 _a247.9
090 _a247.9
_bس ع د
100 1 _aالسعدي، نبيه محمود
_eمؤلف.
245 1 0 _aموسوعة هكذا نفهم مذهب التوحيد :
_b(الدرزية) في مقالات عشر /
_cنبيه محمود السعدي.
250 _aالطبعة الأولى.
264 1 _a[مكان النشر غير محدد] :
_bنبيه محمود السعدي،
_c1993.
300 _a141 صفحة،
_c24 سم,
336 _aنص
_btxt
_2rdacontent
_3كتاب
337 _aبدون وسيط
_bn
_2rdamedia
338 _aمجلد
_bnc
_2rdacarrier
650 7 _aالدروز
_vدوائر معارف
_2aucsh
942 _2ddc
_cBOOK
_n0
949 _aSA-JeALM
_d250819
_ueid123
_n1
999 _c10972
_d10972